书目信息 |
| 题名: |
美术学科知识与教学能力
|
|
| 作者: | ;中公教育教师资格考试研究院 编著 | |
| 分册: | 高级中学 | |
| 出版信息: | 北京 世界图书出版公司北京公司 2012.6 |
|
| 页数: | 268页 | |
| 开本: | 28cm | |
| 丛书名: | 国家教师资格考试专用教材 | |
| 单 册: | ||
| 中图分类: | G633.955.2 | |
| 科图分类: | ||
| 主题词: | 美术课--Mei Shu Ke--教学法--高中--中学教师--聘用--资格考试--自学参考资料 | |
| 电子资源: | ||
| ISBN: | 978-7-5100-4691-9 | |
| 000 | 01201nam 2200277 45 | |
| 001 | 012001003281 | |
| 005 | 20131012152842.0 | |
| 010 | @a978-7-5100-4691-9@dCNY47.00 | |
| 099 | @aCAL 012013102262 | |
| 100 | @a20130907d2013 em y0chiy50 ea | |
| 101 | 0 | @achi |
| 102 | @aCN@b110000 | |
| 105 | @aa z 000yy | |
| 106 | @ar | |
| 200 | 1 | @a美术学科知识与教学能力@AMei Shu Xue Ke Zhi Shi Yu Jiao Xue Neng Li@i高级中学@f中公教育教师资格考试研究院编著 |
| 210 | @a北京@c世界图书出版公司北京公司@d2012.6 | |
| 215 | @a268页@c图@d28cm | |
| 225 | 2 | @a国家教师资格考试专用教材@Aguo jia jiao shi zi ge kao shi zhuan yong jiao cai@i高级中学系列@e2013最新版 |
| 300 | @a适用于改革试点省市 严格依据最新国家教师资格考试大纲编写 | |
| 330 | @a本书介绍了美术学科知识与教学能力的相关内容,内容包括学科知识、教学设计、教学实施、教学评价等。 | |
| 410 | 0 | @12001@a国家教师资格考试专用教材@i高级中学系列@e2013最新版 |
| 606 | 0 | @a美术课@AMei Shu Ke@x教学法@x高中@x中学教师@x聘用@x资格考试@j自学参考资料 |
| 690 | @aG633.955.2@v4 | |
| 711 | 02 | @a中公教育教师资格考试研究院@AZhong Gong Jiao Yu Jiao Shi Zi Ge Kao Shi Yan Jiu Yuan@4编著 |
| 801 | 2 | @aCN@b江苏凤凰@c20191020 |
| 905 | @b1232484-9@dG633.955.2@e171@f6 | |
| 美术学科知识与教学能力.高级中学/中公教育教师资格考试研究院编著.-北京:世界图书出版公司北京公司,2012.6 |
| 268页:图;28cm.-(国家教师资格考试专用教材.高级中学系列:2013最新版) |
| 适用于改革试点省市 严格依据最新国家教师资格考试大纲编写 |
| ISBN 978-7-5100-4691-9:CNY47.00 |
| 本书介绍了美术学科知识与教学能力的相关内容,内容包括学科知识、教学设计、教学实施、教学评价等。 |
| ● |
| 相关链接 |
|
|
|
|
正题名:美术学科知识与教学能力
索取号:G633.955.2/171
 
预约/预借
| 序号 | 登录号 | 条形码 | 馆藏地/架位号 | 状态 | 备注 |
| 1 | 1232484 | 212324849 | 第一样本阅览室/ [索取号:G633.955.2/171] | 在馆 | |
| 2 | 1232485 | 212324858 | 教育系资料室/ [索取号:G633.955.2/171] | 在馆 | |
| 3 | 1232486 | 212324867 | 教育系资料室/ [索取号:G633.955.2/171] | 在馆 | |
| 4 | 1232487 | 212324876 | 教育系资料室/ [索取号:G633.955.2/171] | 在馆 | |
| 5 | 1232488 | 212324885 | 第四借阅区/ [索取号:G633.955.2/171] | 在馆 | |
| 6 | 1232489 | 212324894 | 第四借阅区/ [索取号:G633.955.2/171] | 在馆 |